[Event "Titled Tue 28th Nov Late"]
[Site "chess.com INT"]
[Date "2023.11.28"]
[Round "10"]
[White "Nakamura, Hi"]
[Black "Andreikin, D."]
[Result "1-0"]
[WhiteElo "2778"]
[BlackElo "2729"]
[PlyCount "81"]
[EventDate "2023.11.28"]

1. g3 Nf6 2. Bg2 d5 3. d3 c6 4. Nd2 g6 5. e4 dxe4 6. dxe4 Bg7 7. Ngf3 O-O 8. O-O Na6 9. e5 ({RR} 9. c3 Nc5 10. e5 Nfd7 11. Qe2 Qc7 12. Re1 a5 13. Ne4 Nxe4 14. Qxe4 Nc5 15. Qh4 Nd3 16. Bh6 f6 17. Bxg7 Kxg7 18. exf6+ exf6 19. Re3 Nc5 20. Rae1 Rf7 21. Re8 b6 22. Nd4 Bb7 23. Rxa8 Bxa8 {Belenkaya,D (2164)-Winkels,M (1896) chess.com INT 2024 1-0 (34)}) 9... Nd5 10. a3 ({RR} 10. Re1 Bg4 11. h3 Bxf3 12. Nxf3 Ndc7 13. Qe2 Ne6 14. Be3 Nb4 15. h4 Nd5 16. Bd2 Qb6 17. c4 Nb4 18. Be3 Qc7 19. Bh3 Bxe5 20. Bxe6 fxe6 21. Bh6 Bg7 22. Bxg7 Kxg7 23. Ng5 Rf6 24. Nxe6+ Rxe6 {Nakamura,H (2768)-Harvey,M (2456) Chess.com INT 2022 1-0 (41)}) 10... Bf5 $146 ({RR} 10... Nc5 11. Re1 a5 12. Qe2 Bf5 13. Nf1 Qc8 14. Rd1 Bh3 15. Bh1 Bg4 16. Rb1 Qf5 17. Re1 Rad8 18. Bd2 b6 19. c4 Nc7 20. Ne3 Qh5 21. Nxg4 Qxg4 22. Be3 N7e6 23. Rbd1 a4 24. Bg2 Qe4 25. h3 {Grabarczyk,B (2460)-Myc,M (2335) Sopot 1997 1-0 (37)}) ({RR} 10... Nc5 11. Qe2 Bf5 12. Nb1 Qc8 13. Nd4 Bh3 14. c4 Bxg2 15. Kxg2 Nb6 16. f4 Rd8 17. Be3 f6 18. Nd2 fxe5 19. fxe5 Bxe5 20. N4f3 Bxb2 21. Bxc5 Bxa1 22. Rxa1 Qf5 23. Bf2 Rd3 24. Nd4 Rxd2 25. Qxd2 {Nakamura,H (2768)-Salimova,N (2387) chess.com INT 2023 1-0 (47)}) 11. Re1 Qc7 12. Nb3 Rad8 13. Qe2 Qb6 14. Nfd4 Bc8 15. c4 Ndc7 16. Be3 c5 17. Nb5 Bxe5 18. Bd2 Rxd2 19. Qxd2 Bf6 20. a4 Ne6 21. a5 Qd8 22. Qxd8 Rxd8 23. Nxa7 Nec7 24. Rad1 Rxd1 25. Rxd1 Be6 26. Bxb7 Bxc4 27. Nd2 Be2 28. Re1 Bd3 29. Re3 c4 30. Nb5 Bxb2 31. Nxc7 Nxc7 32. Rxe7 c3 33. Rxc7 cxd2 34. Bf3 Kg7 35. Bd1 Be4 36. a6 g5 37. a7 g4 38. Rc8 Bf3 39. Bxf3 gxf3 40. Rd8 Bd4 41. Rxd4 1-0

[Event "Titled Tue 11th Jun Late"]
[Site "chess.com INT"]
[Date "2024.06.11"]
[Round "6"]
[White "Henriquez Villagra, C."]
[Black "Erdogmus, Yagiz Kaan"]
[Result "1-0"]
[WhiteElo "2588"]
[BlackElo "2569"]
[PlyCount "91"]
[EventDate "2024.06.11"]

1. g3 d5 2. Bg2 e5 3. d3 Nf6 4. Nf3 Nc6 5. O-O h6 6. c4 dxc4 7. dxc4 ({RR} 7. Qa4 Bd6 8. Qxc4 O-O 9. a3 a5 10. b3 Be6 11. Qc2 Nd4 12. Nxd4 exd4 13. Bb2 c5 14. Nd2 Bd5 15. Ne4 Nxe4 16. dxe4 Be6 17. e5 Bxe5 18. Qxc5 Bf6 19. Qb5 Ra6 20. Rad1 Rb6 21. Qxa5 Rxb3 {Fedoseev,V (2668)-Heberla,B (2578) Warsaw 2014 ½-½}) 7... Qxd1 8. Rxd1 e4 ({RR} 8... Be6 9. b3 e4 10. Nd4 Nxd4 11. Rxd4 Bc5 12. Rd1 c6 13. Bb2 e3 14. f3 Ke7 15. Nc3 a5 16. Na4 Ba7 17. Ba3+ Ke8 18. Bc5 b5 19. Bxa7 Rxa7 20. Nc5 bxc4 21. Nxe6 fxe6 22. bxc4 Ke7 23. Rd3 {Collins,A (2210)-Hasangatin,R (2444) chess.com INT 2025 1-0 (50)}) 9. Nfd2 $146 ({RR} 9. Nd4 Nxd4 10. Rxd4 Bc5 11. Rd1 Ng4 12. e3 f5 13. b3 Be6 14. Bb2 Kf7 15. h3 Nf6 16. Nc3 c6 17. Ne2 Rad8 18. Nd4 Bc8 19. a3 Be7 20. Bf1 g5 21. Rac1 h5 22. f3 c5 23. Nb5 a6 {Owen,S (2097)-Hoekstra,M (2357) Philadelphia 2005 0-1}) 9... Bf5 10. Nb3 a5 11. a4 Be6 12. Nc3 Bxc4 13. Nd2 Be6 14. Ndxe4 Nxe4 15. Bxe4 Bb3 16. Rd3 Nb4 17. Bxb7 Rb8 18. Re3+ Be6 19. Be4 Bc5 20. Rf3 O-O 21. Bf4 Bg4 22. Bxc7 Rbc8 23. Bxa5 Bxf3 24. exf3 Rfd8 25. Bxd8 Rxd8 26. Rd1 Rb8 27. b3 Na6 28. Nb5 Bf8 29. Bd5 Nc5 30. Bc4 Rc8 31. Kf1 Nxa4 32. Bxf7+ Kxf7 33. bxa4 Rc2 34. Nd6+ Kg8 35. Ne4 Ra2 36. Rd4 Be7 37. h4 Kf7 38. h5 Ke6 39. f4 Ba3 40. Kg2 Bc1 41. Rc4 Be3 42. Kf3 Ba7 43. Rc6+ Kd7 44. Rg6 Bd4 45. Rd6+ Ke7 46. Rxd4 1-0

[Event "Bullet Chess Winners 2024"]
[Site "chess.com INT"]
[Date "2024.06.10"]
[Round "1.5"]
[White "Nakamura, Hi"]
[Black "Yoo, Christopher Woojin"]
[Result "1-0"]
[WhiteElo "2794"]
[BlackElo "2599"]
[PlyCount "65"]
[EventDate "2024.06.10"]
[EventType "k.o."]

1. b3 Nf6 2. Bb2 d5 3. Nf3 c5 4. e3 a6 5. d4 cxd4 ({RR} 5... Nc6 6. dxc5 e6 7. c4 Bxc5 8. cxd5 exd5 9. Be2 O-O 10. O-O Ba7 11. Nc3 d4 12. exd4 Nxd4 13. Nxd4 Bxd4 14. Bf3 Rb8 15. Qd2 Bg4 16. Bxg4 Nxg4 17. Qf4 Qf6 18. Qg3 Rbd8 19. Ne4 Qf5 20. Bxd4 {Nakamura,H (2750)-Vidit,S (2723) Chess.com INT 2022 ½-½ (37)}) 6. Nxd4 e5 $146 ({RR} 6... e6 7. Be2 Bb4+ 8. c3 Bd6 9. c4 dxc4 10. Bxc4 Bb4+ 11. Bc3 Bxc3+ 12. Nxc3 b5 13. Be2 Bb7 14. Bf3 Qe7 15. O-O O-O 16. Rc1 Rd8 17. Qe2 Bxf3 18. Qxf3 Ra7 19. a4 b4 20. Ne4 Nd5 21. Qg3 {Rasulov,V (2536)-Rastbod,A (2221) chess.com INT 2024 1-0 (39)}) ({RR} 6... g6 7. c4 dxc4 8. Bxc4 Bg7 9. O-O O-O 10. Be2 Bd7 11. Bf3 Qb6 12. Nd2 Rd8 13. Rc1 Be8 14. Ba3 e5 15. Nc4 Qc7 16. Nd6 Qe7 17. Nxb7 Qxa3 18. Nxd8 exd4 19. Bxa8 dxe3 20. Rc8 Nbd7 21. Bc6 {Nakamura,H (2789)-Antipov,M (2573) chess.com INT 2024 1-0 (50)}) 7. Nf3 e4 8. Nd4 Nc6 9. Nd2 Bd6 10. c4 O-O 11. cxd5 Nxd5 12. Nxc6 bxc6 13. Be2 Qh4 14. g3 Qh3 15. Bf1 Qe6 16. Bg2 f5 17. O-O Bb4 18. Nc4 Rd8 19. Qc2 a5 20. Rfd1 Ba6 21. a3 Bf8 22. Rac1 a4 23. bxa4 Rab8 24. Bf1 Be7 25. Na5 Bxf1 26. Rxf1 c5 27. Rfd1 Nb6 28. Rxd8+ Rxd8 29. Nb3 Nxa4 30. Ba1 Rd3 31. Na5 Nb6 32. a4 Ra3 33. Qb2 1-0

[Event "Bullet Chess Winners 2024"]
[Site "chess.com INT"]
[Date "2024.06.10"]
[Round "1.11"]
[White "Nakamura, Hi"]
[Black "Yoo, Christopher Woojin"]
[Result "1-0"]
[WhiteElo "2794"]
[BlackElo "2599"]
[PlyCount "63"]
[EventDate "2024.06.10"]
[EventType "k.o."]

1. b3 Nf6 2. Bb2 b6 3. e3 Bb7 4. Nf3 c5 5. d4 ({RR} 5. g3 e6 6. Bg2 Be7 7. O-O O-O 8. Qe2 Qc7 9. c4 Nc6 10. Nc3 Rad8 11. Rfd1 Rfe8 12. Rac1 Qb8 13. d4 cxd4 14. Nxd4 Rc8 15. Qf1 Red8 16. Rd2 h5 17. Rcd1 Ne5 18. h3 a6 19. f4 Ng6 {Nakamura,H (2768)-Maghsoodloo,P (2701) Chess.com INT 2022 1-0 (35)}) 5... cxd4 ({RR} 5... e6 6. c4 cxd4 7. exd4 d5 8. Be2 Nbd7 9. O-O Bd6 10. Nc3 O-O 11. Nb5 Bb8 12. Ne5 a6 13. Na3 Nxe5 14. dxe5 Nd7 15. f4 Qe7 16. Nc2 dxc4 17. Bxc4 b5 18. Bd3 Nc5 19. Qe2 Rd8 20. Rad1 {Hua,C (2039)-Paduano,C (2248) chess.com INT 2025 0-1}) 6. Nxd4 $146 ({RR} 6. exd4 e6 7. Nbd2 Nc6 8. a3 Be7 9. Bd3 Nd5 10. g3 O-O 11. O-O f5 12. Qe2 Bf6 13. Ba6 Bxa6 14. Qxa6 Qe8 15. Qd3 Qh5 16. c4 Nde7 17. Rae1 g5 18. Qe2 Ng6 19. Ne5 Qxe2 20. Rxe2 Ncxe5 {Pashos,A (2019)-Vragoteris,A (2336) Litohoro 2006 0-1 (59)}) 6... e5 7. Nb5 d6 8. Ba3 d5 9. Bxf8 Kxf8 10. c4 Nc6 11. cxd5 Nxd5 12. Bc4 Ndb4 13. Nd6 Na5 14. O-O Nxc4 15. bxc4 Qe7 16. Nxb7 Qxb7 17. Nc3 Qe7 18. a3 Nc6 19. Nd5 Qd6 20. Qg4 Rd8 21. Rad1 Qg6 22. Qh4 f6 23. f4 h5 24. fxe5 Nxe5 25. Nf4 Rxd1 26. Nxg6+ Nxg6 27. Qe4 Rxf1+ 28. Kxf1 Kf7 29. Qb7+ Ne7 30. Qxa7 Rc8 31. Qxb6 Rxc4 32. Qb3 1-0

[Event "Bullet Chess Winners 2024"]
[Site "chess.com INT"]
[Date "2024.06.10"]
[Round "2.3"]
[White "Nakamura, Hi"]
[Black "Paravyan, D."]
[Result "1-0"]
[WhiteElo "2794"]
[BlackElo "2610"]
[PlyCount "59"]
[EventDate "2024.06.10"]
[EventType "k.o."]

1. b3 d5 2. Bb2 c5 3. Nf3 f6 4. e3 e5 5. c4 d4 6. exd4 ({RR} 6. Bd3 Na6 7. a3 Ne7 8. exd4 cxd4 9. b4 Nc7 10. O-O Be6 11. Re1 Qd7 12. Be4 Bxc4 13. Bxb7 Rb8 14. Be4 Bd5 15. d3 Bxe4 16. dxe4 Ne6 17. Nbd2 Ng6 18. Nc4 Be7 19. Qb3 O-O 20. Rad1 Kh8 {Nakamura,H (2794)-Paravyan,D (2610) chess.com INT 2024 1-0 (39)}) ({RR} 6. d3 Nc6 7. Nbd2 Nh6 8. a3 a5 9. e4 Bd6 10. Qc2 O-O 11. O-O-O a4 12. bxa4 Nb8 13. g3 Nd7 14. Nb3 Nb6 15. a5 Na4 16. Nbxd4 Nxb2 17. Qxb2 cxd4 18. Nh4 Rxa5 19. Be2 Bxa3 {0-1 (19) Bettalli,F (2322)-Domin,Y (2270) chess.com INT 2025}) 6... cxd4 7. Bd3 Nc6 8. Be4 $146 ({RR} 8. O-O Bc5 9. Nh4 Be6 10. Nf5 Qd7 11. Ng3 Nge7 12. f4 O-O 13. f5 Bf7 14. Na3 Nb4 15. Be4 d3+ 16. Kh1 Bd4 17. Bc3 a5 18. Nb5 Bxc3 19. Nxc3 Rad8 20. Rf3 Nec6 21. a3 Na6 22. Rxd3 Qe7 {Aravindh,C (2641)-Baskin,R (2390) Chess.com INT 2021 1-0 (37)}) 8... Nge7 9. O-O Be6 10. Re1 g6 11. a3 Bg7 12. d3 O-O 13. b4 a6 14. Nbd2 Kh8 15. Nb3 Bg8 16. Nc5 Qc7 17. Rc1 f5 18. Bxc6 Nxc6 19. b5 Na5 20. Nb3 axb5 21. cxb5 Qb6 22. Nxa5 Qxa5 23. Nxe5 Qxb5 24. Bxd4 Rae8 25. f4 Re6 26. Qf3 Rfe8 27. Rc7 Bf6 28. Nxg6+ hxg6 29. Qh3+ Bh7 30. Qxh7# 1-0

[Event "Bullet Chess Winners 2024"]
[Site "chess.com INT"]
[Date "2024.06.10"]
[Round "2.5"]
[White "Nakamura, Hi"]
[Black "Paravyan, D."]
[Result "1-0"]
[WhiteElo "2794"]
[BlackElo "2610"]
[PlyCount "65"]
[EventDate "2024.06.10"]
[EventType "k.o."]

1. b3 d5 2. Bb2 c5 3. Nf3 f6 4. d4 cxd4 5. Nxd4 e5 6. Nf3 Nc6 7. e3 Nge7 $146 ({RR} 7... Be6 8. Nbd2 Bc5 9. a3 a5 10. Bb5 Nge7 11. c4 O-O 12. cxd5 Nxd5 13. Ne4 Be7 14. Bc4 Nc7 15. Qe2 Bxc4 16. Qxc4+ Qd5 17. Qxd5+ Nxd5 18. Ke2 Rfd8 19. g4 Kf7 20. Rac1 Rac8 21. Rhd1 Ke6 22. Nfd2 {Galburd,Y (2344)-Huzman,A (2561) Israel 2018 0-1 (40)}) ({RR} 7... Be6 8. Be2 Bc5 9. a3 a5 10. Nc3 Nge7 11. Nb5 O-O 12. O-O Kh8 13. c4 dxc4 14. Bxc4 Bxc4 15. bxc4 Qc8 16. Nd2 Rd8 17. Qc2 Na7 18. a4 Bb4 19. Nf3 Nxb5 20. axb5 Qc5 21. Qb3 Rac8 22. Rac1 {Vershinin,I (2285)-Ter Sahakyan,S (2609) chess.com INT 2024 ½-½ (33)}) 8. c4 Be6 9. Nc3 dxc4 10. Bxc4 Bxc4 11. bxc4 Qxd1+ 12. Rxd1 Rc8 13. c5 Nf5 14. Ne4 Kf7 15. g4 Nh6 16. h3 Be7 17. Rd7 Rhd8 18. Rxb7 Rb8 19. Rxb8 Rxb8 20. Bc1 Rb4 21. Nfd2 f5 22. gxf5 Nxf5 23. Ke2 Ke6 24. a3 Ra4 25. Nc3 Rh4 26. Nde4 g6 27. Bd2 Nfd4+ 28. exd4 exd4 29. Bg5 Rh5 30. Bxe7 dxc3 31. Bd6 Kd5 32. Nf6+ Kc4 33. Nxh5 1-0

[Event "Bullet Chess Winners 2024"]
[Site "chess.com INT"]
[Date "2024.06.10"]
[Round "2.11"]
[White "Nakamura, Hi"]
[Black "Paravyan, D."]
[Result "1-0"]
[WhiteElo "2794"]
[BlackElo "2610"]
[PlyCount "67"]
[EventDate "2024.06.10"]
[EventType "k.o."]

1. b3 d5 2. Bb2 c5 3. Nf3 f6 4. c4 d4 5. e3 ({RR} 5. e4 e5 6. d3 Nc6 7. Nbd2 Bd6 8. g3 Nge7 9. Bg2 O-O 10. O-O Be6 11. Ne1 g5 12. Bf3 Qd7 13. a3 a5 14. Nc2 Ng6 15. Bh5 Kg7 16. f3 Nge7 17. Bg4 Nd8 18. Qe2 Nf7 19. Ne1 Rh8 {Bettalli,F (2322)-Galchenko,M (2438) chess.com INT 2025 0-1 (41)}) 5... e5 6. exd4 e4 $146 ({RR} 6... cxd4 7. Bd3 Nc6 8. O-O Bg4 9. Be4 Bd6 10. h3 Bh5 11. Re1 Nge7 12. g4 Bf7 13. d3 Qd7 14. Nh4 Be6 15. Qf3 O-O-O 16. a3 g5 17. Nf5 Bxf5 18. gxf5 h5 19. c5 Bxc5 20. Rc1 Bd6 21. b4 {Emami,M (1986)-Dumjahn,C (2032) Hamburg 2018 0-1 (41)}) ({RR} 6... cxd4 7. Bd3 Nd7 8. O-O Nc5 9. Ne1 Nxd3 10. Nxd3 Bf5 11. Qf3 Qd7 12. Re1 O-O-O 13. Ba3 Nh6 14. Bxf8 Rhxf8 15. Na3 Rfe8 16. Nc5 Qc7 17. b4 Kb8 18. Nb5 Qc6 19. Qb3 d3 20. a4 Bc8 21. a5 {Nakamura,H (2794)-Paravyan,D (2610) chess.com INT 2024 0-1 (42)}) 7. Qe2 Qe7 8. Ng1 Nc6 9. dxc5 Nh6 10. d4 Bg4 11. Qd2 O-O-O 12. Be2 Kb8 13. Qf4+ Ka8 14. Bxg4 g5 15. Qg3 f5 16. d5 Bg7 17. Bxg7 Qxg7 18. Qc3 Nd4 19. Ne2 Nc2+ 20. Qxc2 Qxa1 21. Nec3 Nxg4 22. h3 Ne5 23. O-O Nd3 24. Na4 Qd4 25. c6 bxc6 26. dxc6 e3 27. fxe3 Qxe3+ 28. Kh1 g4 29. Nbc3 gxh3 30. Nd5 Qe4 31. Nac3 hxg2+ 32. Qxg2 Qh4+ 33. Qh2 Qe4+ 34. Nxe4 1-0

[Event "Bullet Chess Winners 2024"]
[Site "chess.com INT"]
[Date "2024.06.10"]
[Round "2.19"]
[White "Nakamura, Hi"]
[Black "Paravyan, D."]
[Result "1-0"]
[WhiteElo "2794"]
[BlackElo "2610"]
[PlyCount "77"]
[EventDate "2024.06.10"]
[EventType "k.o."]

1. b3 d5 2. Bb2 c5 3. Nf3 f6 4. e3 e5 5. c4 d4 6. Bd3 ({RR} 6. exd4 cxd4 7. Bd3 Nc6 8. Be4 Nge7 9. O-O Be6 10. Re1 g6 11. a3 Bg7 12. d3 O-O 13. b4 a6 14. Nbd2 Kh8 15. Nb3 Bg8 16. Nc5 Qc7 17. Rc1 f5 18. Bxc6 Nxc6 19. b5 Na5 20. Nb3 axb5 {Nakamura,H (2794)-Paravyan,D (2610) chess.com INT 2024 1-0}) ({RR} 6. d3 Nc6 7. Nbd2 Nh6 8. a3 a5 9. e4 Bd6 10. Qc2 O-O 11. O-O-O a4 12. bxa4 Nb8 13. g3 Nd7 14. Nb3 Nb6 15. a5 Na4 16. Nbxd4 Nxb2 17. Qxb2 cxd4 18. Nh4 Rxa5 19. Be2 Bxa3 {0-1 (19) Bettalli,F (2322)-Domin,Y (2270) chess.com INT 2025}) 6... Na6 $146 ({RR} 6... Nc6 7. O-O Nh6 8. h3 Be6 9. Re1 Be7 10. Be4 Qd7 11. Bxc6 bxc6 12. exd4 cxd4 13. d3 O-O 14. Nh2 Rae8 15. Nd2 c5 16. Ne4 f5 17. Ng3 Bd6 18. Nf3 Nf7 19. Re2 Qc7 20. Qd2 Bc8 21. Rae1 {Jean,L (1760)-Mensch,E (2336) Martigny 2014 0-1}) 7. a3 Ne7 8. exd4 cxd4 9. b4 Nc7 10. O-O Be6 11. Re1 Qd7 12. Be4 Bxc4 13. Bxb7 Rb8 14. Be4 Bd5 15. d3 Bxe4 16. dxe4 Ne6 17. Nbd2 Ng6 18. Nc4 Be7 19. Qb3 O-O 20. Rad1 Kh8 21. Na5 Nef4 22. Nd2 Qg4 23. Qf3 Qg5 24. g3 Nh4 25. Qb3 Qg4 26. Kh1 Qh3 27. Rg1 Rbc8 28. gxf4 Rc3 29. Bxc3 dxc3 30. Rg3 Qd7 31. Qxc3 exf4 32. Rd3 Qg4 33. Rg1 Qh5 34. Nf3 Ng6 35. Nc6 Rc8 36. Nxe7 Nxe7 37. Qxc8+ Nxc8 38. Rd8+ Qe8 39. Rxe8# 1-0

[Event "Titled Tue 18th Jun Early"]
[Site "chess.com INT"]
[Date "2024.06.18"]
[Round "10"]
[White "Carlsen, M."]
[Black "Madaminov, Mukhiddin"]
[Result "1-0"]
[WhiteElo "2830"]
[BlackElo "2517"]
[PlyCount "115"]
[EventDate "2024.06.18"]

1. e4 e5 2. Nf3 Nf6 3. d3 Nc6 4. g3 g6 5. Bg2 Bg7 6. O-O O-O 7. Re1 d6 8. c3 h6 ({RR} 8... Re8 9. Nbd2 a5 10. a4 h6 11. Nc4 Be6 12. Qb3 Qc8 13. Nfd2 b6 14. Nf1 d5 15. exd5 Bxd5 16. Bxd5 Nxd5 17. Nd6 cxd6 18. Qxd5 Qd7 19. Ne3 Ne7 20. Qb5 Qxb5 21. axb5 d5 22. Bd2 Rad8 23. Nc2 {Areshchenko,A (2677)-Visakh,N (2388) Al Ain 2015 1-0 (40)}) 9. Nbd2 Be6 $146 ({RR} 9... Nh7 10. Nh4 Ng5 11. Qe2 Kh7 12. Rf1 Nh3+ 13. Kh1 Bf6 14. Ndf3 Ne7 15. Be3 Bg4 16. Ng5+ Bxg5 17. Qxg4 Bxe3 18. fxe3 Ng5 19. d4 Nc6 20. Rf2 Qc8 21. Qe2 Kg7 22. Raf1 f6 23. b4 a6 24. a4 {Davyidenko,S (1937)-Lykov,V (2217) Russia 2007 1-0 (69)}) ({RR} 9... Nd7 10. b4 f5 11. exf5 gxf5 12. Nh4 Ne7 13. d4 e4 14. Qb3+ d5 15. Nf1 c6 16. Bf4 Kh7 17. Bd6 Rg8 18. Bxe7 Qxe7 19. Nxf5 Qg5 20. Nxg7 Rxg7 21. f4 Qg6 22. c4 Nf6 23. cxd5 cxd5 24. Ne3 {Hungaski,R (2471)-Skaric,D (2277) chess.com INT 2024 ½-½ (51)}) 10. d4 Bd7 11. b3 Re8 12. Bb2 Qc8 13. d5 Ne7 14. c4 a5 15. c5 Bh3 16. cxd6 cxd6 17. Rc1 Qd7 18. Nc4 Bxg2 19. Kxg2 Ra6 20. a4 b5 21. axb5 Qxb5 22. Ba3 Nc8 23. h3 Bf8 24. Qd3 a4 25. bxa4 Rxa4 26. Nfd2 Nd7 27. Rb1 Qa6 28. Qb3 h5 29. Qb7 Ncb6 30. Qxa6 Rxa6 31. Bb4 Nxc4 32. Nxc4 Rc8 33. Na5 f5 34. Nc6 fxe4 35. Rbc1 Re8 36. Bd2 Nf6 37. Nb4 Rb6 38. Rc4 Rb5 39. Bg5 Nxd5 40. Nxd5 Rxd5 41. Rc7 Rc5 42. Rb7 d5 43. Rb6 Be7 44. Bxe7 Rxe7 45. Rxg6+ Kf7 46. Rg5 Kf6 47. Rxh5 Rc2 48. g4 Rf7 49. Rf5+ Ke6 50. Rxf7 Kxf7 51. h4 Kf6 52. Kg3 Rc3+ 53. Kg2 Rc2 54. Kf1 Kg6 55. Ra1 d4 56. Ra6+ Kf7 57. Ra7+ Ke6 58. Ra6+ 1-0

[Event "Titled Tue 18th Jun Early"]
[Site "chess.com INT"]
[Date "2024.06.18"]
[Round "10"]
[White "Aravindh, Chithambaram VR."]
[Black "Ibarra Jerez, JC."]
[Result "1-0"]
[WhiteElo "2684"]
[BlackElo "2559"]
[PlyCount "127"]
[EventDate "2024.06.18"]

1. g3 Nf6 2. Bg2 d6 3. b3 g6 4. Bb2 Bg7 5. Nf3 O-O 6. O-O e5 7. d3 Nh5 8. e4 c5 ({RR} 8... f5 9. Nbd2 Nc6 10. c4 f4 11. a3 a5 12. Bc3 g5 13. b4 g4 14. Nh4 f3 15. Bh1 Nf4 16. Re1 Nxd3 17. Ndxf3 Nxe1 18. Nxe1 Qf6 19. Nd3 axb4 20. axb4 Rxa1 21. Qxa1 Be6 22. Nf4 Bh6 23. Nf5 {Ticona Rocabado,L (2412)-Firouzja,A (2777) chess.com INT 2023 0-1 (37)}) 9. Nc3 Nc6 10. Nd5 f5 11. c3 $146 ({RR} 11. exf5 Bxf5 12. Nd2 Qd7 13. Ne4 Bh3 14. c4 Rad8 15. a3 Bg4 16. f3 Bf5 17. b4 b6 18. Bc1 h6 19. Be3 Ne7 20. Qd2 Kh7 21. Rab1 Be6 22. Nxe7 Qxe7 23. Nc3 Nf6 24. Qe2 cxb4 25. axb4 d5 {Lehmann,H-Ivkov,B Stockholm 1970 0-1 (42)}) 11... Be6 12. Qc2 Rc8 13. Rad1 h6 14. Qe2 Kh7 15. h3 Qd7 16. Kh2 Rf7 17. Ne3 Rcf8 18. exf5 Bxf5 19. Nxf5 Qxf5 20. Nh4 Qg5 21. Bc1 Rxf2 22. Qxf2 Rxf2 23. Bxg5 Rxf1 24. Rxf1 hxg5 25. Nf3 Bf6 26. Nd2 Kg7 27. Nc4 Be7 28. a3 Nd8 29. b4 cxb4 30. axb4 Nf6 31. Ne3 Kf7 32. Nd5 Ke6 33. Nxf6 Bxf6 34. c4 a6 35. Be4 Kf7 36. c5 dxc5 37. bxc5 Kg7 38. Rb1 Be7 39. Bxb7 Bxc5 40. Bd5 g4 41. hxg4 a5 42. Rb5 Bb4 43. Rb8 Be7 44. Ra8 Kf6 45. Rxa5 Kg5 46. Ra7 Bf6 47. Kh3 Kh6 48. Rd7 Kg5 49. Rc7 Kh6 50. Ra7 Kg5 51. Rd7 Kh6 52. Kg2 Kg5 53. Kf3 Kh6 54. Rd6 Be7 55. Rd7 Bf6 56. Rc7 Kg5 57. Rc1 Kh6 58. Rh1+ Kg7 59. Ke4 Kf8 60. Rh7 Bg7 61. g5 Nf7 62. Bxf7 Kxf7 63. Rxg7+ Kxg7 64. Kxe5 1-0

[Event "FIDE World Corporate GpA"]
[Site "New York USA"]
[Date "2024.06.15"]
[Round "4"]
[White "Gabuzyan, H."]
[Black "Onischuk, Al"]
[Result "1-0"]
[WhiteElo "2579"]
[BlackElo "2640"]
[PlyCount "71"]
[EventDate "2024.06.15"]
[WhiteTeam "ChessMood"]
[BlackTeam "LLC LC GRECO"]

1. g3 Nf6 2. Bg2 d5 3. Nf3 c6 4. O-O Bf5 5. d3 Nbd7 6. Nbd2 e6 7. Nh4 Bg4 8. h3 Bh5 9. g4 Bg6 10. e3 $146 ({RR} 10. Nxg6 hxg6 11. Re1 Bc5 12. e4 dxe4 13. Nxe4 Nxe4 14. dxe4 Qc7 15. Be3 Bd6 16. Qd2 O-O-O 17. Rad1 Ne5 18. Qc3 Kb8 19. f4 Nd7 20. Qxg7 e5 21. Qxf7 exf4 22. Bd4 Rhf8 23. Qxg6 f3 24. Bh1 Bh2+ {Erturk,E-Inonu,M (2001) Kemer 2007 0-1 (31)}) ({RR} 10. Nxg6 hxg6 11. e4 Qc7 12. f4 dxe4 13. dxe4 e5 14. f5 gxf5 15. Rxf5 O-O-O 16. Qe2 Nc5 17. Nc4 Bd6 18. Bg5 Ne6 19. c3 Nxg5 20. Rxg5 g6 21. Rf1 Nh7 22. Qe3 Qe7 23. Nxd6+ Rxd6 24. h4 Nxg5 {Darda-Braver,R (1942)-Trushko,A (2006) Kyiv UKR 2023 0-1 (37)}) 10... Bc5 11. b3 a5 12. a3 d4 13. Ndf3 dxe3 14. fxe3 e5 15. d4 Bd6 16. Bb2 Nd5 17. Nxg6 hxg6 18. Qe2 Qe7 19. Rae1 O-O 20. c4 N5f6 21. Qc2 Rae8 22. Bc3 Qd8 23. Qb2 exd4 24. exd4 Ne4 25. b4 axb4 26. Bxb4 c5 27. dxc5 Ndxc5 28. Qd4 Qc7 29. Rd1 Re6 30. Qd5 Rfe8 31. Ng5 Bh2+ 32. Kh1 Ng3+ 33. Kxh2 Nxf1+ 34. Kg1 Ne3 35. Nxe6 Rxe6 36. Qd8+ 1-0

[Event "Titled Tue 25th Jun Early"]
[Site "chess.com INT"]
[Date "2024.06.25"]
[Round "6"]
[White "Nguyen Ngoc Truong Son"]
[Black "Priasmoro, Novendra"]
[Result "1-0"]
[WhiteElo "2633"]
[BlackElo "2513"]
[PlyCount "127"]
[EventDate "2024.06.25"]

1. c3 ({RR} 1. g3 d5 2. Bg2 Nf6 3. d3 g6 4. Nf3 Bg7 5. O-O O-O {½-½ (6) Vokac,M (2476)-Jirovsky,M (2499) Karlovy Vary 2005}) 1... Nf6 2. d3 d5 3. Nf3 g6 4. g3 Bg7 5. Bg2 O-O 6. O-O Nc6 7. d4 ({RR} 7. Bf4 Bf5 8. Na3 a6 9. Re1 Re8 10. Ne5 Nxe5 11. Bxe5 Ng4 12. Bxg7 Kxg7 13. e4 dxe4 14. dxe4 Qxd1 15. Raxd1 Be6 16. b3 Rad8 17. Nc2 c5 18. f4 Bc8 19. h3 Nh6 20. g4 f5 21. g5 Nf7 {Tylkov,T (1246)-Zauyalau,D Minsk BLR 2023 1-0 (57)}) 7... Bg4 $146 ({RR} 7... Ne4 8. Nfd2 Nxd2 9. Nxd2 e5 10. dxe5 Nxe5 11. Nf3 Nxf3+ 12. Bxf3 c6 13. Be3 Re8 14. Qd2 Bf5 15. Bd4 Bf8 16. Rad1 Qe7 17. Be3 Qe6 18. Rfe1 Be4 19. Bg2 Bxg2 20. Kxg2 Qe4+ 21. Kg1 Re6 22. Qd3 {Chellappa,T (2034)-Macedo,M (2070) Natal 2011 ½-½ (88)}) 8. Bf4 Re8 9. Ne5 Bf5 10. Nxc6 bxc6 11. Nd2 Rb8 12. b4 Qd7 13. Nb3 Ne4 14. Bxe4 dxe4 15. Nc5 Qd5 16. Qb3 Rec8 17. Qxd5 cxd5 18. a4 f6 19. a5 e5 20. Be3 Bh3 21. Rfd1 Bg4 22. Kf1 c6 23. a6 Rc7 24. Nb7 Ra8 25. Ra5 Bc8 26. Nc5 Re7 27. c4 dxc4 28. dxe5 Rxe5 29. Rd8+ Kf7 30. Ke1 Rd5 31. Nb7 Bf8 32. Rdxd5 cxd5 33. Rxd5 Bxb4+ 34. Kd1 Ke7 35. Rb5 Ba3 36. Ra5 Bd6 37. Rd5 Bb4 38. Kc2 Be6 39. Rb5 Ba3 40. Nc5 Bxc5 41. Bxc5+ Kd7 42. Rb7+ Kc6 43. Bxa7 Bc8 44. Rxh7 Bxa6 45. Bd4 Bb5 46. Bxf6 Ra2+ 47. Bb2 c3 48. Kxc3 Bxe2 49. Rg7 Kd5 50. Rxg6 Ra8 51. Rg5+ Ke6 52. Kd4 Bf3 53. Ke3 Ra2 54. Rb5 Ra4 55. h4 Rc4 56. h5 Rc2 57. Bd4 Re2+ 58. Kf4 Re1 59. g4 Rg1 60. Rg5 Rg2 61. h6 Rh2 62. Rh5 Rg2 63. h7 Rxg4+ 64. Ke3 1-0

[Event "Chess.com Speed Play-In"]
[Site "chess.com INT"]
[Date "2024.06.27"]
[Round "5"]
[White "Pranav, Anand"]
[Black "Holt, C."]
[Result "1-0"]
[WhiteElo "2540"]
[BlackElo "2540"]
[PlyCount "77"]
[EventDate "2024.06.27"]

1. e4 e6 ({RR} 1... c5 2. Nf3 e6 3. d3 Nc6 4. g3 d5 5. Nbd2 {½-½ (12) Horn,E (2046)-Haapasalo,J (2182) Stockholm 2005}) 2. d3 d5 3. Nd2 Bd6 4. Ngf3 c5 5. g3 Nc6 6. Bg2 Nge7 7. O-O O-O 8. Re1 Qc7 9. Qe2 f6 10. h4 Bd7 ({RR} 10... b5 11. h5 d4 12. e5 fxe5 13. h6 Nd5 14. Ne4 Bd7 15. hxg7 Kxg7 16. Qd2 Be7 17. Qh6+ Kh8 18. Nfg5 Bxg5 19. Nxg5 Nf6 20. Be4 Qd8 21. Nxh7 Kg8 22. Qg6+ {1-0 (22) Andriasian,Z (2585)-Piorun,K (2651) Katowice 2017}) 11. c3 ({RR} 11. Nf1 d4 12. h5 e5 13. Nh4 b5 14. g4 a5 15. Ng3 a4 16. g5 fxg5 17. Bxg5 a3 18. b3 Rae8 19. Rf1 Qc8 20. Kh2 Rf4 21. Ngf5 Nxf5 22. exf5 Bxf5 23. Bxf4 exf4 24. Qf3 Be6 25. Kg1 Nb4 {Omelja,A (2444)-Holt,C (2540) chess.com INT 2024 ½-½ (54)}) 11... b5 12. Nf1 d4 13. cxd4 $146 Nxd4 14. Nxd4 cxd4 15. Bd2 e5 16. h5 Qc2 17. Rab1 Be6 18. Rec1 Qa4 19. h6 g6 20. a3 Rac8 21. Kh2 Rc2 22. Bh3 Bf7 23. Kg2 Qb3 24. Nh2 f5 25. exf5 gxf5 26. Kg1 Rfc8 27. Nf3 Bh5 28. g4 Rxc1+ 29. Rxc1 Rxc1+ 30. Bxc1 Bxg4 31. Bxg4 fxg4 32. Ng5 Qd5 33. Qxg4 Ng6 34. Qc8+ Bf8 35. Qc7 Ne7 36. Bd2 a6 37. Bb4 Qc6 38. Qxe5 Qg6 39. f4 1-0